| 000 | 01129 a2200229 4500 | ||
|---|---|---|---|
| 003 | Nust | ||
| 005 | 20221007094350.0 | ||
| 010 | _a 90022223 | ||
| 020 | _a0023300116 | ||
| 040 | _cNust | ||
| 082 | 0 | 0 | _a629.83,DOY |
| 100 | 1 |
_aDoyle, John Comstock. _999433 |
|
| 245 | 1 | 0 |
_aFeedback control theory / _cJohn C. Doyle, Bruce A. Francis, Allen R. Tannenbaum. |
| 260 |
_a New York : _bMacmillan Pub. Co. ; _aToronto : _bCollier Macmillan Canada ; _aNew York : _bMaxwell Macmillan International, _cc1992. |
||
| 300 |
_axi, 227 p. : _bill. ; _c24 cm. |
||
| 505 | _aIntroduction (Page-1), Norms for Signals and Systems (Page-13), Basic Concepts (Page-32), Uncertainty and Robustness (Page-46), Stabilization (Page-66), Design Constraint (Page-90), Loopshaping (Page-105), Advanced Loopshaping (Page-121), Model Matching (Page-156), Design for Performance (Page-172), Stability Margin Optimization (Page-190), Design for Robust Performance (Page-205). | ||
| 650 | 0 | _aControl theory. | |
| 650 | 0 | _aFeedback control systems. | |
| 700 | 1 |
_aFrancis, Bruce A. _999434 |
|
| 700 | 1 |
_aTannenbaum, Allen, _d1953- _999435 |
|
| 942 |
_2ddc _cREF |
||
| 999 |
_c175946 _d175946 |
||